000 00683cam a22001935a 4500
001 L156135
008 120501s1872 xxk f 000 0 eng d
035 _a(Sirsi) u156135
041 0 _aeng
100 1 _aLyell, Charles
_cSir
_d1797-1875
245 0 0 _aPrinciples of geology
_bor, The modern changes of the earth and its inhabitants considered as illustrative of geology
250 _a11th and entirely rev. ed.
260 _aLondon
_bJ. Murray
_c1872
300 _a2 v.
_bfronts., illus., vi pl. (incl. fold. map)
_c22 cm.
583 _aCondition reviewed
_c20120620
_lcondition level 2 and 2
651 4 _aGreat Britain
_y1707-
690 _aMinerals and waste
_96257
942 _n0
999 _c114052
_d114052